000
00247nam a22001097a 4500
008
160620b xxu||||| |||| 00| 0 eng d
100
_9
161
_a
CBSE
245
_a
HEALTH
260
_a
N.D
_b
Frank Bross & Comp.
_c
1989
300
_a
Health
942
_2
ddc
_c
BK
999
_c
131
_d
131